|
|
|
|
| LEADER |
00000nab a2200000 a 4500 |
| 001 |
vtls000161720 |
| 003 |
SK-MaSNL |
| 005 |
20260302202449.0 |
| 008 |
180130c1983 xo 0 ukr |
| 015 |
|
|
|a SNBRB19rr/mm-uuuuu
|
| 035 |
|
|
|a CL0171831
|
| 040 |
|
|
|a SNKBUCL
|b slo
|c SNKBUCL
|e AACR2
|
| 041 |
0 |
|
|a ukr
|
| 044 |
|
|
|a xo
|c SK
|
| 080 |
|
|
|a 82.09:883 (437)-1(048)
|2 1981
|
| 080 |
|
|
|a 883 (437)-1(048)
|2 1981
|
| 100 |
1 |
|
|a Konopelec, Vitalij,
|d 1948-2003
|4 aut
|9 38809
|
| 245 |
1 |
0 |
|a Hirska vyšnja
|b /Horská višňa./
|c Vitalij Konopelec ; Stepan Suchyj
|
| 300 |
|
|
|b Obr. 1.
|
| 650 |
0 |
7 |
|a básne lyrické
|2 snkbucl
|9 403933
|
| 650 |
0 |
7 |
|a básne reflexívne
|2 snkbucl
|9 898242
|
| 650 |
0 |
7 |
|a literatúra ukrajinská
|z Česko-Slovensko
|2 snkbucl
|9 921476
|
| 655 |
|
7 |
|a články z novín a časopisov
|2 snkbucl
|9 267496
|
| 655 |
|
7 |
|a články z odboru literárna veda a krásna literatúra
|2 snkbucl
|9 770045
|
| 700 |
1 |
|
|a Suchý, Štefan,
|d 1946-
|4 aut
|9 93770
|
| 773 |
0 |
|
|t Družno vpered
|g Roč. 33, č. 8 (1983), s. 22-23
|
| 787 |
0 |
8 |
|i Rec.:
|a Suchyj, Stepan
|t Hirska vyšnja
|d Bratislava : SPN, 1982
|
| 850 |
|
|
|a Slovenská národná knižnica v Martine
|a MTA001
|
| 852 |
|
|
|a SNK
|b KIS3GCP
|
| 958 |
|
|
|a RK
|
| 958 |
|
|
|a LX
|
| 958 |
|
|
|a UK
|
| 958 |
|
|
|a SK
|
| 992 |
|
|
|a RBX
|
| 999 |
|
|
|c 1465012
|d 1466942
|